Azur Lane Ship Quiz - Vichya Dominion - Statistics

General Stats
  • This quiz has been taken 6 times
  • The average score is 7 of 24
Answer Stats
Rarity Shipgirl % Correct
SR Jean Bart
100%
SR Clemenceau
60%
Elite Dunkerque
60%
SR Strasbourg
60%
Priority Flandre
40%
SR Joffre
40%
Elite La Galissonnière
40%
SR Le Malin
40%
SR Le Malin μ
40%
Rare Le Mars
40%
SR L'Indomptable
40%
SR Algérie
20%
Elite Dupleix
20%
Elite Épée
20%
Elite Fleuret
20%
Elite Foch
20%
Priority Gascogne
20%
SR Gascogne μ
20%
SR Marseillaise
20%
Elite Tartu
20%
Elite Kersaint
0%
SR L'Audacieux
0%
UR Mogadar
0%
Elite Vauquelin
0%
No matching quizzes found
Score Distribution
Percent of People with Each Score
Percentile by Number Answered
Your Score History
You have not taken this quiz